MARC details
| 000 -CABECERA |
| campo de control de longitud fija |
02260nam a2200301 i 4500 |
| 003 - IDENTIFICADOR DEL NÚMERO DE CONTROL |
| campo de control |
DO-SdBNP |
| 005 - FECHA Y HORA DE LA ÚLTIMA TRANSACCIÓN |
| campo de control |
20250708121048.0 |
| 007 - CAMPO FIJO DE DESCRIPCIÓN FÍSICA--INFORMACIÓN GENERAL |
| campo de control de longitud fija |
ta |
| 008 - DATOS DE LONGITUD FIJA--INFORMACIÓN GENERAL |
| campo de control de longitud fija |
250708t2025 dr o 000 0 spa d |
| 020 ## - NÚMERO INTERNACIONAL ESTÁNDAR DEL LIBRO |
| Número Internacional Estándar del Libro |
9789945291919 |
| 040 ## - FUENTE DE LA CATALOGACIÓN |
| Centro catalogador/agencia de origen |
DO-SdBNP |
| Lengua de catalogación |
spa |
| Centro/agencia transcriptor |
BNPHU |
| Normas de descripción |
rda |
| 041 ## - CÓDIGO DE LENGUA |
| Código de lengua original |
spa |
| 082 ## - NÚMERO DE LA CLASIFICACIÓN DECIMAL DEWEY |
| Número de clasificación |
xxxx |
| Número de documento/Ítem |
S237 |
| Número de edición |
22 |
| 100 1# - ENTRADA PRINCIPAL--NOMBRE DE PERSONA |
| Nombre de persona |
Santos, Rafael |
| Fechas asociadas al nombre |
1968- |
| Término indicativo de función/relación |
autor |
| Código de función/relación |
aut. |
| 9 (RLIN) |
43510 |
| Forma completa/desarrollada del nombre |
Santos, Rafael Jiovanny |
| 245 10 - MENCIÓN DE TÍTULO |
| Título |
Brian A. DePeña biografía de un líder : |
| Resto del título |
sus orígenes, su pasión, sus sueños... / |
| Mención de responsabilidad, etc. |
Rafael Santos ; breves palabras, Javier Herrera ; presentación, Antoliano Peralta Romero |
| 264 ## - PRODUCCIÓN, PUBLICACIÓN, DISTRIBUCIÓN, FABRICACIÓN Y COPYRIGHT |
| Producción, publicación, distribución, fabricación y copyright |
Santo Domingo : |
| Nombre del de productor, editor, distribuidor, fabricante |
Editora Búho, |
| Fecha de producción, publicación, distribución, fabricación o copyright |
2025. |
| 300 ## - DESCRIPCIÓN FÍSICA |
| Extensión |
186 páginas |
| Otras características físicas |
fotografías |
| Dimensiones |
24 cm. |
| 336 ## - TIPO DE CONTENIDO |
| Término de tipo de contenido |
texto |
| Código de tipo de contenido |
txt |
| Fuente |
rdacontent |
| 337 ## - TIPO DE MEDIO |
| Nombre/término del tipo de medio |
sin mediación |
| Código del tipo de medio |
n |
| Fuente |
rdamedia |
| 338 ## - TIPO DE SOPORTE |
| Nombre/término del tipo de soporte |
volumen |
| Código del tipo de soporte |
nc |
| Fuente |
rdacarrier |
| 500 ## - NOTA GENERAL |
| Nota general |
Incluye datos biografícos del autor en las páginas 187-188. |
| 520 ## - SUMARIO, ETC. |
| Sumario, etc. |
Un libro biográfico logra adecuadamente su propósito cuando responde a la realidad, y este lo consigue a plenitud por ser, indudablemente, veraz. Tengo recuerdos lejanos de la etapa infantil de la vida del biografiado y al contrastarlos con lo aquí descrito confirmo mi afirmación anterior.<br/>La familia DePeña-Sánchez emigró de Higüey hacia Miches, probablemente poco después de la muerte de Trujillo. Todos les llamábamos “los higüeyanos” hasta que supimos sus nombres.<br/>El patriarca Alejandro DePeña era un hombre de esos que con solo mirarlo inspiraba respeto; lo mismo ocurría con doña Olivia, la esposa. En definitiva, los DePeña-Sánchez, tanto los padres como los hijos, eran lo que se puede denominar gente buena.<br/>Uno de los hijos de don Alejandro y doña Olivia, conocido como “Nando”, se unió en matrimonio con la joven profesora Ramona Páez, ambos cristianos adventistas. De ese matrimonio nacieron cuatro varones. Uno de ellos Brian o Aurelio, como todos lo llamábamos. Era una familia humilde forjada en la escasez y las limitaciones que agrega nacer y crecer en un pueblo pequeño e incomunicado. |
| 590 ## - NOTA LOCAL (RLIN) |
| Nota local |
Inventariado, 2025/ YL |
| 700 1# - PUNTO DE ACCESO ADICIONAL--NOMBRE DE PERSONA |
| Nombre de persona |
Herrera, Javier |
| Término indicativo de función/relación |
breves palabras |
| Código de función/relación |
br. |
| 9 (RLIN) |
88280 |
| 700 1# - PUNTO DE ACCESO ADICIONAL--NOMBRE DE PERSONA |
| Nombre de persona |
Peralta Romero, Antoliano |
| Término indicativo de función/relación |
presentación |
| Código de función/relación |
pr. |
| 9 (RLIN) |
88281 |
| 910 ## - DATOS DE OPCIÓN DEL USUARIO (OCLC) |
| Datos de opción del usuario |
YLockward |
| 942 ## - ELEMENTOS DE PUNTO DE ACCESO ADICIONAL (KOHA) |
| Fuente del sistema de clasificación o colocación |
Dewey Decimal Classification |
| Tipo de ítem Koha |
Libro |